00605nam a2200169 i 450000100060000000300090000600700030001500800410001824500680005926000310012730000200015850501530017870000170033170000160034874000320036485200390039626717ES-MaACLt|030110s1964 sp ||||1| spa d00aAsambleas del Señor b: catequesis de los domingos y fiestas. aMadrid : bMarova, c1964. a2 v. ; c21 cm.8 aContiene: V.I: Introducción / presentada por N. Clariesse... [et al.]. -- V.II: Primer Domingo de Pasión / presentada por C. Bourgin... [et al.]1 aClarisse, N.1 aBourgin, C.0 aPrimer Domingo de Pasión. aES-MaACLjE-4384-5 bR.54469-54470